Fórum. Legyen hazánk ha már volt
Elmentve itt :
| Szerző: | |
|---|---|
| Adatforrás: | Meister |
| Forrásdokumentuma: | Magyar Kisebbség. - 3-4 sz., 1997, 48-56 p. |
| Nyelv: | magyar |
| Kulcsszavak: | politika-filozófia politikai intézmények kultúra & politika nemzetállam lojalitás egyetem magyar felsőoktatás (romániai) politika ideológia kultúra felsőoktatás KÖTŐ József KLEBERSBERG Kúno ORTEGA Y GASSET Jose ARON Raymond RMDSZ-Romániai Magyar Demokrata Szövetség |
| LEADER | 00878nab a2200313 i 4500 | ||
|---|---|---|---|
| 001 | bibPRO00004141 | ||
| 008 | 060524s1997 xx hun | ||
| 040 | |a Sz1 | ||
| 041 | |a hun | ||
| 100 | 1 | |a KÓNYA Sándor | |
| 245 | 1 | 0 | |a Fórum. Legyen hazánk ha már volt |c KÓNYA Sándor |
| 695 | |a politika-filozófia | ||
| 695 | |a politikai intézmények | ||
| 695 | |a kultúra & politika | ||
| 695 | |a nemzetállam | ||
| 695 | |a lojalitás | ||
| 695 | |a egyetem | ||
| 695 | |a magyar felsőoktatás (romániai) | ||
| 695 | |a politika | ||
| 695 | |a ideológia | ||
| 695 | |a kultúra | ||
| 695 | |a politika | ||
| 695 | |a felsőoktatás | ||
| 695 | |a KÖTŐ József | ||
| 695 | |a KLEBERSBERG Kúno | ||
| 695 | |a ORTEGA Y GASSET Jose | ||
| 695 | |a ARON Raymond | ||
| 695 | |a RMDSZ-Romániai Magyar Demokrata Szövetség | ||
| 773 | 0 | |t Magyar Kisebbség. - |g 3-4 sz., 1997, 48-56 p. | |